000 00304nam a2200121 a 4500
005 20140414131934.0
008 100825s19uu xx 00 eng d
050 _aREF 598
_bG15 1991
100 _aGaneri, Anita
245 _aAmazing bird facts.
650 _aBirds
_xJuvenile literature
999 _c112381
_d112381